000
00328nam a2200133Ia 4500
008
240624s9999 xx 000 0 und d
041
_a
eng
082
_a
823 BUR
100
_a
BURGESS R M
245
_a
ECLIPSE OF THE ZON FIRST CREMORS
260
_c
2016
_a
Publishing,2016
300
_a
xxvii, 350 p.; 23 cm.
365
_c
RS
_b
30
999
_c
30170
_d
30170